000 00341nam a22001457a 4500
003 OSt
005 20160727222401.0
008 160623b xxu||||| |||| 00| 0 eng d
040 _cTEST
100 _9692
_aGood Will
245 _aJesus and the Twelve
260 _aGastonia
_bGood Will
_c1969
300 _aJesus and the Twelve
942 _2ddc
_cBK
999 _c558
_d558